| 000 | 00442aam a2200169 4500 | ||
|---|---|---|---|
| 005 | 20170111143945.0 | ||
| 008 | 150727b xxu||||| |||| 00| 0 spa d | ||
| 041 | _aInglés | ||
| 082 | _a428 S582t | ||
| 100 |
_aSilberstein, Sandra _936179 |
||
| 245 | _aTechniques and Resources in teaching reading | ||
| 260 |
_aInglaterra _bOxford _c1994 |
||
| 300 | _a125 páginas | ||
| 650 |
_aINGLÉS _92062 |
||
| 650 |
_a ENSEÑANZA _9236 |
||
| 942 | _cBK | ||
| 999 |
_c8720 _d8720 |
||